000 00634nam a22002051a 4500
001 11051
003 OSt
005 20260204212225.0
008 101117s2010||||ck ||||||b||||||||||spa||
020 _a9789588595023
050 _aR 630 H679g
110 _aHogares Juveniles Campesinos
245 _aGranja integral autosuficiente / Hogares Juveniles Campesinos
264 _aColombia : Lexus
300 _a204 p
500 _aIncluye indice y bibliografía
650 _aAgropecuaria 2.Agricultura - Tecnología 3.Administración Agropecuaria
700 _aPalomino Aguirre, Sandra II.Ramírez Aza, MarcelaÌ
942 _2ddc
_cBK
999 _c11051
_d11051